Ravens Players with 1000 scrimmage yards - Statistics

General Stats
  • This quiz has been taken 40 times
  • The average score is 21 of 36
Answer Stats
Position (Year) Yards Player % Correct
QB (2019) 1,206 Lamar Jackson
97%
QB (2020) 1,005 Lamar Jackson
97%
RB (2024) 2,114 Derrick Henry
94%
WR (1996) 1,201 Michael Jackson
94%
RB (2011) 2,068 Ray Rice
89%
RB (2009) 2,041 Ray Rice
89%
RB (2010) 1,776 Ray Rice
89%
RB (2012) 1,621 Ray Rice
89%
RB (2003) 2,271 Jamal Lewis
83%
RB (2002) 1,769 Jamal Lewis
83%
RB (2000) 1,660 Jamal Lewis
83%
RB (2006) 1,247 Jamal Lewis
83%
RB (2004) 1,122 Jamal Lewis
83%
RB (2005) 1,097 Jamal Lewis
83%
TE (2021) 1,361 Mark Andrews
83%
WR (2014) 1,065 Steve Smith Sr.
75%
WR (2013) 1,128 Torrey Smith
72%
RB (2019) 1,265 Mark Ingram
69%
WR (2024) 1,115 Zay Flowers
69%
WR (2021) 1,013 Marquise brown
58%
RB (2014) 1,529 Justin Forsett
56%
RB (2007) 1,087 Derrick Mason
44%
WR (2005) 1,073 Derrick Mason
44%
WR (2008) 1,040 Derrick Mason
44%
WR (2009) 1,030 Derrick Mason
44%
RB (1998) 1,268 Priest Holmes
42%
RB (2007) 1,438 Willis McGahee
39%
RB (2017) 1,160 Alex Collins
33%
WR (1999) 1,109 Qadry Ismail
22%
WR (2001) 1,059 Qadry Ismail
22%
WR (2016) 1,048 Mike Wallace
17%
RB (2016) 1,010 Terrance West
14%
WR (1996) 1,099 Derrick Alexander
11%
WR (1997) 1,009 Derrick Alexander
11%
FB (2008) 1,025 Le'Ron McClain
11%
RB (1999) 1,021 Errict Rhett
8%
No matching quizzes found
Score Distribution
Percent of People with Each Score
Percentile by Number Answered
Your Score History
You have not taken this quiz